[Event "RUS-ch 72nd"]
[Site "Izhevsk"]
[Date "2019.08.19"]
[Round "8"]
[White "Predke, Alexandr"]
[Black "Vitiugov, Nikita"]
[Result "0-1"]
[WhiteElo "2650"]
[BlackElo "2728"]
[Annotator "Vitiugov,N"]
[PlyCount "82"]
[EventDate "2019.08.10"]
[EventType "tourn"]
[EventRounds "11"]
[EventCountry "RUS"]
[EventCategory "18"]
[SourceTitle "CBM 192"]
[Source "ChessBase"]
[SourceDate "2019.10.31"]
[SourceVersion "1"]
[SourceVersionDate "2019.10.31"]
[SourceQuality "1"]

1. d4 Nf6 2. c4 e6 3. Nc3 Bb4 4. Qc2 d5 5. cxd5 exd5 6. Bg5 h6 7. Bh4 Nc6 {
The modern line.} (7... g5 8. Bg3 Nc6 {transposes.}) ({The main line goes} 7...
c5 8. dxc5 g5 9. Bg3 Ne4 {etc.}) 8. e3 g5 9. Bg3 h5 10. h4 ({I think the best
option is} 10. Bb5 h4 11. Be5 Rh6 12. h3 Ne4 13. Nge2 Bf5 14. Qb3 Bxc3+ 15.
Nxc3 Nxc3 16. bxc3 Qd7 17. Bh2 O-O-O {with a complicated battle, Sjugirov,S 
(2663)-Yu Yangyi (2764) St Petersburg RUS 2018}) 10... Ne4 11. Bh2 ({After} 11.
Nge2 {it is equal:} Nxg3 12. Nxg3 Bg4 $11) 11... Qe7 $6 {Mixing up the lines.}
({Black should play} 11... Bf5 12. Bd3 gxh4 13. Nge2 Qg5 $13) 12. a3 ({It is
far from easy, but the best answer was} 12. Bd3 $1 Bf5 (12... Nxd4 {doesn't
work:} 13. exd4 Nxc3+ 14. Kf1 Ne4 15. f3 Nd2+ 16. Kf2 $36 {and troubles are
still there.}) 13. Nge2 gxh4 14. Nf4 O-O-O 15. O-O Bxc3 16. bxc3 {with better
chances for White.}) 12... Ba5 (12... Nxd4 $2 13. exd4 Nxc3+ 14. Be5 Nb5+ 15.
axb4 Nxd4 16. Qxc7 Qxc7 17. Bxc7 Nc2+ 18. Kd2 Nxa1 19. Nf3 $16 {and the knight
won't escape.}) ({More dynamic was} 12... Bxc3+ $5 13. bxc3 Bf5 $5 (13... g4
14. Bf4 g3 $13) 14. Bd3 gxh4) 13. Nf3 {There are many to proceed for White,
but I think this is the most human.} (13. Bb5 $5) (13. b4 $2 {is just bad:}
Nxb4 14. axb4 Bxb4 15. Nge2 Rh6 $36) (13. Bd3 $2 Nxc3 14. bxc3 Nxd4 $17) (13.
Nge2 Bf5 {and it is gonna be a different game.}) 13... g4 14. Nd2 ({Of course,
not} 14. Ne5 $2 g3 $15) 14... Nxc3 15. bxc3 Qxh4 16. Bb5 Bd7 $6 {A mistake.} (
16... g3 $1 {was very tempting, but I didn't get that it was necessary as well.
} 17. Nf3 (17. fxg3 Qf6 $1 {- the point.}) 17... gxf2+ 18. Kf1 Qe4 19. Qxe4+
dxe4 20. Ng5 Bf5 $13 {with a complex endgame.}) 17. O-O a6 $6 {Too slow, but
now it is not clear what Black should do. Both wings are relatively weakened,
and the white position is very solid.} (17... O-O-O 18. Qa4) 18. Bd3 Be6 19.
Nb3 $6 ({Alexander saw the strongest} 19. c4 $1 Bxd2 20. cxd5 Bxe3 {but here
did not find} 21. dxc6 $1 ({Black is fine after} 21. fxe3 Bxd5 $13) 21... g3
22. Bxg3 Qxg3 23. cxb7 Rb8 24. fxe3 Qxe3+ 25. Kh1 $18 {and the black position
is collapsing.}) 19... Bb6 20. c4 dxc4 21. Bxc4 Bxc4 22. Qxc4 Qe7 {Now,
surprisingly, it is very comfortable for Black. The bishop protects c7 and at
the same time is waiting for the opening of the a7-g1 diagonal (some ideas
with ...g3 are always there).} 23. d5 Ne5 24. Qa4+ Kf8 25. d6 $2 {No need for
such a harsh decisions.} ({I don't think White is worse after} 25. Nd4 $5 Qf6 (
25... Re8 $2 26. Ne6+ $36)) 25... cxd6 26. Qb4 Ba7 27. Rad1 Rh6 28. Rd5 Rc8 29.
Rfd1 $2 {Probably the last mistake.} ({White was still in the game after the
precise} 29. Nd4 $1 Rf6 30. Qb1 $44) 29... Rc4 30. Qd2 Rg6 {The move ...g3 is
coming!} 31. Bxe5 dxe5 32. Rd7 Qe6 33. Rxb7 (33. Na5 Rd4 $1) 33... Bb6 $19 {
Now it is over.} 34. Qd7 g3 35. Qxe6 Rxe6 36. Rdd7 Rf6 37. fxg3 Bxe3+ 38. Kh2
h4 39. Nd2 hxg3+ 40. Kh3 Rcf4 41. Nf3 Bf2 0-1